Music Quiz

Random Music or Song Quiz

Name the Lyrics (No Hints!) Quiz Stats

 Plays Quiz not verified by Sporcle

Challenge
Share
Tweet
Embed
Score 0/142 Timer 08:00
0 Plays Today
LYRICS % Correct
I
94.2%
I
94.2%
I
94.2%
I
94.2%
a
92.3%
a
92.3%
a
92.3%
a
92.3%
the
90.8%
the
90.8%
the
90.8%
the
90.8%
the
90.8%
the
90.8%
the
90.8%
the
90.8%
the
90.8%
the
90.8%
the
90.8%
the
90.8%
CHORUS REPEATS
89.9%
CHORUS REPEATS
89.9%
you
89.4%
you.
89.4%
you
89.4%
you.
89.4%
you
89.4%
you.
89.4%
you
89.4%
You
89.4%
you.
89.4%
love
86.5%
me
86.5%
love
86.5%
me
86.5%
me
86.5%
me.
86.5%
me
86.5%
me
86.5%
me
86.5%
me
86.5%
and
78.7%
and
78.7%
and
78.7%
on
74.9%
in
70.5%
he
67.6%
of
64.7%
LYRICS % Correct
of
64.7%
of
64.7%
of
64.7%
when
61.8%
way
58%
all
58%
way
58%
way
58%
way
58%
way
58%
all
58%
way
58%
way
58%
way
58%
time,
57.5%
time,
57.5%
time.
57.5%
you're
57%
you're
57%
who
56.5%
that
56%
I'm
55.6%
I'm
55.6%
I'm
55.6%
I'm
55.6%
I'm
55.6%
I'm
55.6%
I'm
55.6%
I'm
55.6%
I'm
55.6%
I'm
55.6%
I'm
55.6%
I'm
55.6%
my
55.1%
with
51.7%
at
47.8%
at
47.8%
at
47.8%
at
47.8%
at
47.8%
at
47.8%
only
43.5%
could
43%
man
40.1%
man
40.1%
man
40.1%
ever
39.6%
need
38.2%
LYRICS % Correct
need
38.2%
woman
35.3%
out
30%
Baby
29.5%
really
28.5%
really
28.5%
really
28.5%
amazed
26.1%
amazed
26.1%
amazed
26.1%
amazed
26.1%
amazed
26.1%
amazed
26.1%
something
25.1%
help
24.2%
won't
24.2%
help
24.2%
help
24.2%
Maybe
22.2%
Maybe
22.2%
Maybe
22.2%
Maybe
22.2%
Maybe
22.2%
maybe
22.2%
doesn't
22.2%
Maybe
22.2%
maybe
22.2%
Maybe
22.2%
Maybe
22.2%
Maybe
22.2%
Maybe
22.2%
afraid
21.3%
understand.
21.3%
understand.
21.3%
afraid
21.3%
right
21.3%
lonely
20.8%
middle
18.4%
wrong.
18.4%
song,
16.9%
sing
15.5%
line,
14.5%
who's
13.5%
leave
12.6%
hung
7.7%
pulled
6.3%

You're not logged in!

Compare scores with friends on all Sporcle quizzes.
OR
Log In

You Might Also Like...

Show Comments

Extras

Top Quizzes Today


Score Distribution

Your Account Isn't Verified!

In order to create a playlist on Sporcle, you need to verify the email address you used during registration. Go to your Sporcle Settings to finish the process.

Report this User

Report this user for behavior that violates our Community Guidelines.

Details: